Községi jegyző a járásbíró ellen

Správa o tom, že Curia poverila kráľovský okresný súd v Humennom v októbri 1912, aby riešila spor, ktorý vznikol medzi notárom Kráľovského Chlmca Jozefom (József) Kemechey a tamojším okresným sudcom Štefanom (István) Horkay

Podrobná bibliografia
Médium: Článok
Jazyk:Hungarian
Témy:
Zdroj: 1. Felvidéki Hirlap 1. Roč. 5, č. 41 (27.10.1912) s. 2
LEADER 01362nab#a2200349#ar4500
001 000074079
003 SVKKK
005 20090415091753.0
008 090415d1912 xo |||||||||||||||b|hun
FMT
038 |a SVKKK 
040 |a SVKKK  |b slo  |e AACR2 
041 0 |a hun 
044 |a xo  |c SK 
080 |a 347.961+347.962  |2 1997 
242 1 0 |a Obecný notár proti okresnému sudcovi  |y slo 
245 1 0 |a Községi jegyző a járásbíró ellen 
500 |a mikrofilm 
520 2 |a Správa o tom, že Curia poverila kráľovský okresný súd v Humennom v októbri 1912, aby riešila spor, ktorý vznikol medzi notárom Kráľovského Chlmca Jozefom (József) Kemechey a tamojším okresným sudcom Štefanom (István) Horkay 
650 0 4 |a Kemechey, Jozef (notár) - Horkay, Štefan (sudca okresný) - Kráľovský Chlmec - spor vzájomný - kráľovský okresný súd, Humenné - riešenie - október 1912 
655 4 |a hungariká 
773 0 |t Felvidéki Hirlap  |g Roč. 5, č. 41 (27.10.1912) s. 2 
957 |a Humenné 
957 |a Kráľovský Chlmec 
958 |a DG 
958 |a HU 
974 |a Ba 
992 |a RBX 
997 |a Kemechey, József p. Kemechey, Jozef p. Kemečei, Jozef  |d Királyhelmec pozri Kráľovský Chlmec 
997 |a Horkay, István p. Horkay, Štefan  |d Királyhelmec pozri Kráľovský Chlmec 
BAS
998 |a RETRO